Decisiones 169 y 46: empresas multinacionales andinas
Guardat en:
| Autor corporatiu: | |
|---|---|
| Format: | Text |
| Publicat: |
Cartagena:
Junta de Acuerdo de Cartagena
|
| Etiquetes: |
Afegir etiqueta
Sense etiquetes, Sigues el primer a etiquetar aquest registre!
|
MARC
| LEADER | 00000 a a2200000 04500 | ||
|---|---|---|---|
| 001 | 24704 | ||
| 003 | |||
| 040 | |||
| 090 | |a 173200 | ||
| 110 | |a Junta del Acuerdo de Cartagena | ||
| 245 | |a Decisiones 169 y 46: empresas multinacionales andinas | ||
| 260 | |a Cartagena: |b Junta de Acuerdo de Cartagena | ||
| 300 | |a 34 p. | ||
| 999 | |c 1294 |d 1294 | ||
